Statistics for Countries with "An" in their Name

Click here to take the quiz!

General Stats

  • This quiz has been taken 67 times
    (55 since last reset)
  • The average score is 38 of 58

Answer Stats

Answer% Correct
Canada
93%
Andorra
89%
Pakistan
89%
Panama
89%
Antigua and Barbuda
87%
Poland
87%
Afghanistan
84%
Iceland
84%
Kazakhstan
84%
Kyrgyzstan
84%
Tajikistan
84%
Turkmenistan
84%
Uzbekistan
84%
Switzerland
82%
New Zealand
80%
Finland
78%
France
78%
Ireland
78%
Swaziland
78%
South Sudan
76%
Sudan
76%
Japan
73%
Romania
73%
San Marino
73%
Tanzania
73%
Dominican Republic
71%
Marshall Islands
71%
Albania
69%
Angola
69%
Azerbaijan
69%
Netherlands
69%
Guyana
67%
Thailand
67%
Lithuania
64%
Solomon Islands
64%
Vatican City
64%
Bhutan
62%
Germany
62%
Bangladesh
60%
Iran
58%
Jordan
58%
Lebanon
58%
Oman
58%
Uganda
58%
Rwanda
56%
Vanuatu
56%
Taiwan
53%
Ghana
51%
Central African Republic
49%
Myanmar
44%
Trinidad and Tobago
42%
Botswana
36%
Mauritania
36%
Saint Kitts and Nevis
36%
Sri Lanka
36%
Saint Vincent and the Grenadines
31%
Bosnia and Herzegovina
24%
Sao Tome and Principe
20%

Score Distribution

Percentile by Number Answered

Percent of People with Each Score

Your Score History

You have not taken this quiz since the last reset